000 00521nam a22001937a 4500
003 koha_MIRAKIL
005 20231213095923.0
008 231213b |||||||| |||| 00| 0 ||| d
020 _b978-6-05-091503-7
040 _aTR-IsEVY
_btur
_cTR-IsEVY
082 _a843.914 GRA/K
100 _aGrange, Jean-Christophe.
245 0 _aKaiken
260 _bDoğan Egmont Yayıncılık ;
_c2013
300 _a383 s.
650 _aFransız edebiyatı -- Roman.
650 _aFrench literature -- Fiction.
942 _2ddc
_cBK
999 _c11591
_d11591